000 01265nam0a2200337 4500
001 RU\NLR\bibl\1512053
005 20260405120841.0
010 _a978-5-8138-0964-4
_913000
021 _aRU
_b2010-25522
_91719
035 _a(nilc)RSL-KNO-004626823
035 _a(NLR Aleph) 001503446
090 _a1799637
_c1799637
100 _a20100407d2010 |||y0rusy50 ca
101 0 _arus
102 _aRU
105 _aa zzzz|||||
200 1 _aСказки про Бабу-Ягу
_e[для дошкольного и младшего школьного возраста
_fхудож. О. Ковалева]
210 _aСмоленск
_cРусич
_d2010
215 _a46, [1] с.
_cцв. ил.
_d22
225 1 _aЧитаем сами
327 1 _aСодерж.: Василиса Прекрасная; Ненаглядная Красота; Баба Яга
610 0 _aДетская литература
686 _aШ9(2)3=Р0-2
_2rubbk
702 1 _4040
_8rus
_7ca
_aКовалева
_bО. Г.
_cхудожник
_gОльга Геннадьевна
_3RU\NLR\auth\7746957
_929892
801 0 _aRU
_bРГБ
_c20100407
_grcr
801 1 _aRU
_bРГБ
_c20100407
801 2 _aRU
_bNLR
_c20100517
_grcr
942 _cBOOK
980 _aNB
980 _aNBR